Using secondary data in educational and social research /

Bibliographic Details
Main Author: Smith, Emma (Professor)
Format: Book
Language:English
Published: Maidenhead ; New York, NY : Open University Press, [2008]
Series:Conducting educational research.
Subjects:

MARC

Tag First Indicator Second Indicator Subfields
LEADER 00000cam a2200000Ia 4500
001 in00002463213
005 20151110090708.0
008 080222s2008 enkab b 001 0 eng d
020 |a 0335223575 (hbk.) 
020 |a 9780335223572 (hbk.) 
020 |a 0335223583 (pbk.) 
020 |a 9780335223589 (pbk.) 
035 |a (OCoLC)ocn198757708 
035 |a (OCoLC)198757708 
040 |a YDXCP  |c YDXCP  |d BAKER  |d BWX  |d PUL  |d TXA  |d UtOrBLW 
049 |a TXAM 
090 |a H62  |b .S658 2008 
100 1 |a Smith, Emma  |c (Professor) 
245 1 0 |a Using secondary data in educational and social research /  |c Emma Smith. 
264 1 |a Maidenhead ;  |a New York, NY :  |b Open University Press,  |c [2008] 
264 4 |c ©2008 
300 |a x, 249 pages :  |b illustrations, map ;  |c 24 cm. 
336 |a text  |b txt  |2 rdacontent 
337 |a unmediated  |b n  |2 rdamedia 
338 |a volume  |b nc  |2 rdacarrier 
490 1 |a Conducting educational research 
504 |a Includes bibliographical references (pages [233]-246) and index. 
650 0 |a Social sciences  |x Research. 
650 0 |a Education  |x Research. 
650 0 |a Social sciences  |x Methodology. 
830 0 |a Conducting educational research. 
938 |a YBP Library Services  |b YANK  |n 2777754 
938 |a Baker & Taylor  |b BKTY  |c 119.95  |d 119.95  |i 0335223575  |n 0007599728  |s active 
938 |a Blackwell Book Service  |b BBUS  |n R5768600  |c $119.95 
945 |a PromptCat  |b 668988 
946 |a stk 
947 |a A14839813827 
994 |a C0  |b TXA 
948 |a cataloged  |b h  |c 2009/4/15  |d c  |e nbehmer  |f 2:48:29 pm 
999 |a MARS 
999 f f |s e5f08129-1794-3568-b903-1d9458caf4f7  |i 30a24013-88e4-3669-bf0e-826aa7ead082  |t 0 
952 f f |p normal  |a Texas A&M University  |b College Station  |c Sterling C. Evans Library  |d Evans: Library Stacks  |t 0  |e H62 .S658 2008  |h Library of Congress classification  |i unmediated -- volume  |m A14839813827 
998 f f |a H62 .S658 2008  |t 0  |l Evans: Library Stacks